01341nabaa22002177a 4500999001500000003000400015005001700019008004100036040000700077100003500084245017100119300001500290500003700305505045000342505008900792650003200881650004000913650003600953773012100989942001301110 c6158d6158OSt20260123201053.0190701b xxu||||| |||| 00| 0 spa d cPJ 95281aSilva Tamayo, Gustavo E.10aRazonabilidad y proporcionalidad en la jurisprudencia de la Corte Suprema de Justicia de la Nación :bel caso del principio de igualdad /cGustavo E. Silva Tamayo.  ap. 161-173 aCita: TR LALEY AR/DOC/3182/2023  aSumario: I. Introducción y planteo de la cuestión.— II. La distinción entre razonabilidad y proporcionalidad.— III. El control de razonabilidad en el sistema de los Estados Unidos.— IV. El examen de proporcionalidad.— V. Las restricciones al principio de libertad en la jurisprudencia de la Corte Suprema de Justicia argentina.— VI. La regla de la proporcionalidad en la jurisprudencia de la Corte Suprema.— VII. Conclusión.  t¿Te interesa el texto completo? Comunicate al correo: koha@justierradelfuego.gov.ar 09211aDERECHO ADMINISTRATIVO 094833aPRINCIPIO DE PROPORCIONALIDAD 09699aFALLOS DE LA CORTE SUPREMA0 0284293251dBuenos Aires : AbeledoPerrot, 2012-oDA121tDerecho administrativo. Nº 151 enero/febrero 2024z18510590 2udccANA